03145nam a2200409 a 4500001001000000003000900010005001700019007000300036008004100039020001500080040003000095082002800125111017100153245010900324250001200433260000600445264010100451300005600552336002700608337003300635338002800668490010200696500015400798500002500952500007300977505121001050590002602260650006402286650005602350650005702406700003302463710004702496910004102543942001202584952012202596999001702718000047537DO-SdBPM20260128115126.0ta180626s2000 dr ac 000 0 spa d a8489953260 aDO-SdBPMbspacBPMSUdrda 4a709.03 bS612p 20002222 aSimposio Regional Incidencias de la"Cultura Precolombina en el Arte Caribeño contemporáneo"n(1:d1998 : 15-17 enero cSanto Domingo, República Dominicana)4 00aPresencia de la cultura precolombina en el arte caribeño contemporáneo /beditora Mildred Canahuate  a2a. ed. c  aSanto Domingo :bBanco Central de la República Dominicana ;bFundación de Arte Arawak,,c208 a80 páginas :bilustraciones., retratos. ;c29 cm. atextobtxt2rdacontent asin mediaciónbn2rdamedia avolumenbnc2rdacarrier0 aBanco Central de la República Dominicana ; cil. Arawat de investigaciones Antropológicas, v1 aTextos conferencias presentadas en ocasión del Primer Simposio Regional "Incidencias de la cultura precolombina en arte caribeño contemporáneo" aTexto a dos columnas aIncluye referencias bibliográficas y notas al pie de las páginas0 aPresentación / Fernando Morbán Laucer, 11.-- Presentación / Mildred Canahuate, 13.-- Arte y estados de alteración de conciencia: una visión antropológica / Mario Consens, 15.-- El indigenismo y las artes plásticas dominicanas / Manuel García Arévalo, 17.-- Eros, Thanatos y tainismo en el arte dominicano contemporáneo / Laura Gil Fiallo, 27.-- El chamán y los cemíes: arte vivo / Abelardo Jiménez L., 29.-- La presentación faunística precolombina y su influencia en la plástica contemporánea / Fernando Morbán Laucer, 35.-- Siguiendo las huellas de los arahucanos / Harold Olsen y Fernando Morbán, 39.-- La evolución del arte contemporánea dominicano: una visión antropológica / Luis Alejandro Peguero Guzmán, 53.-- Lo erótico como expresión en el arte taíno / Abil Peralta Agüero, 59.-- La cerámica indigenista de Daniel Silva Pagán / Sebastián Robiou Lamarche, 61.-- Exhibición colectiva de pinturas y esculturas. Presencia de la cultura precolombina en el arte caribeño contemporáneo / Abil Peralta Agüero, 69.-- Apéndice I. Datos biográficos artistas participantes, 73.-- Apéndice II. Notas biográficas de los autores, 77. aInventariado, 2026/VM 7a Arte moderno -- ySiglo XX vCongresos, conferencias, etc  7aArte precolombino vCongresos, conferencias, etcy  7aCulturas indígenas vCongresos, conferencias, etc.1 aCanahuate, Mildres4editora 2 aBanco Central de la República Dominicana aVMateo V. Control de calidad. BPMSU  2ddccBK 00102ddc708CDaBPMETbBPMETd2026-01-28l0oBPMSU CD 709.03 S612p 2000pBPMSU26010062r2026-01-28w2026-01-28yBK c15636d15636